| 000 | 00451nam a2200157 i 4500 | ||
|---|---|---|---|
| 001 | 23154 | ||
| 003 | ES-MaACL | ||
| 005 | 20230906152826.0 | ||
| 007 | t| | ||
| 008 | 021209s1972 sp ||||1| spa d | ||
| 100 | 1 |
_aAlonso, José María. _920216 |
|
| 245 | 1 | 0 |
_aPoemas y canciones / _cJosé María Alonso. |
| 260 |
_aMálaga : _b[s.n., _c1972] ( _fGráf. Urania) |
||
| 300 |
_a92 p., 1 lám. : _bil. ; _c22 cm. |
||
| 852 |
_aES-MaACL _jC-48788 _bR.84749 |
||
| 999 |
_c23154 _d23154 |
||